00573nam a2200181 a 45000010005000000030009000050080041000140400028000550820016000831000027000992450085001262500007002112600046002183000010002644900027002746500050003016500040003514229CO-ViMGA141112s2004 ck r 000 u spa d aCO-ViMGAbspacCO-ViMGA04a923.2 L663t1 aTirado Mejía, Alvaro10aAspectos políticos del primer gobierno de alfonso lópez pumarejo 1934 - 1938 a2a aSantafé de Bogotá : bPlaneta, c1995 a441 p aLa linea del horizonte14aCOLOMBIA - PRESIDENTE - GOBIERNO - Política14aLOPEZ PUMAREJO, ALFONSO 1886 - 1959